Základy výpočetní techniky a programováni

Salvato in:
Dettagli Bibliografici
Natura: Libro
Lingua:ceco
Pubblicazione: Praha Státní pedagogické nakladatelství 1975
Tags: Aggiungi Tag
Nessun Tag, puoi essere il primo ad aggiungerne!!

MARC

LEADER 00000nam a2200000 4500
001 c120516
005 20260323081554.4
041 0 |a cze 
044 |a CZ 
245 1 0 |a Základy výpočetní techniky a programováni  |c Vlasta Jančarová, Stanislav Jireš, S. Rošický 
264 1 |a Praha  |b Státní pedagogické nakladatelství  |c 1975 
300 |a 194 s.